000 00787nam0a22002651 4500
001 RU\NLR\INFOCOMM_253\5000047955
005 20250613100557.0
035 _a(NLR Aleph) 009350932
090 _a9557238
_c9557238
100 _a20101116d1975 |||y0rusy50 ca
101 0 _afre
102 _aRU
105 _aa ||||000|y
200 1 _aFuragine, solafur
_e[Recueil d'articles]
_f[V/o "Medexport"]
210 _aМосква
_cВнешторгиздат
_d[1975]
215 _a160 с.
_cил.
_d22 см
320 _aБиблиогр. в конце статей
686 _aМе5-390
_2rubbk
686 _aˆ[‰Р281.813.6]
_2rubbk
712 0 2 _a"Medexport", v/o
_4570
801 1 _aRU
_bNLR
_c20101116
801 0 _aRU
_bNLR
_gPSBO
852 _aNLR
_jМд17 Д-5/29
942 _cBOOK
980 _aNB